Tom MacDonald Charting Songs (Billboard Hot 100) - Statistics

General Stats
  • This quiz has been taken 65 times
    32 since last reset
  • The average score is 3 of 5
Answer Stats
Album Weeks On Peak Artist(s) Song % Correct
Non-Album Single 1 Week #16 Tom MacDonald & Ben Shapiro Facts
91%
Us Against the World 1 Week #96 Tom MacDonald Fake Woke
73%
Non-Album Single 1 Week #77 Tom MacDonald Charlie
64%
No Guts No Glory 1 Week #89 Tom MacDonald Brainwashed
45%
Us Against the World 1 Week #71 Tom MacDonald Snowflakes
45%
No matching quizzes found
Score Distribution
Percent of People with Each Score
Percentile by Number Answered
Your Score History
You have not taken this quiz since the last reset